Rasy psów - Statystyki

Ogólne statystyki
  • Ten quiz został rozwiązany 446 razy
  • Średni wynik to 4 z 6
Statystyki odpowiedzi
Obrazkowy Odpowiedź % Poprawnych
Owczarek Niemiecki
97%
Mops
84%
Pudel
80%
Border Collie
52%
Yorkshire Terrier
38%
West terrier
8%
Nie znaleziono quizów pasujących do podanych kryteriów
Rozkład punktacji
Procent ludzi z każdym wynikiem
Percentyl według liczby udzielonych odpowiedzi
Twoja historia wyników
Nie rozwiązałeś tego quizu